000
00325pab a2200145 454500
008
180718b2004 xxu||||| |||| 00| 0 eng d
100
_a
Raghavan, Pyaralal
245
_a
A stable policy for credit flows
260
_c
2004
300
_a
p.29-30.
362
_a
Dec
650
_a
Credit
773
_a
Yojana
909
_a
63356
999
_c
63356
_d
63356